000 00542nam a2200205 a 4500
001 4695
003 CO-ViMGA
008 141112s2004 ck r 000 u spa d
040 _aCO-ViMGA
_bspa
_cCO-ViMGA
082 0 4 _a155.3 G733
100 1 _aGreen, Andre
_92811
245 1 0 _aEl complejo de castración
260 _aBuenos Aires :
_bPaidós,
_c1996
300 _a156 p
490 _aPsicología profunda, 162
650 1 4 _aCOMPLEJOS SEXUALES
_92812
650 1 4 _aPSICOLOGIA
_95002
650 1 4 _aPSICOLOGIA SEXUAL
_92813
942 _2ddc
_cBK
999 _c16705
_d16705